Energy band structure calculations /
Saved in:
| 主要作者: | |
|---|---|
| 格式: | Thesis 图书 |
| 语言: | English |
| 出版: |
1972.
|
| 主题: | |
| 标签: |
添加标签
没有标签, 成为第一个标记此记录!
|
| LEADER | 00841cam a2200253 a 4500 | ||
|---|---|---|---|
| 001 | u140332 | ||
| 003 | SIRSI | ||
| 008 | 920210s1972 si a v 00 1 eng | ||
| 035 | |a AAQ-2172 | ||
| 040 | |a UMM | ||
| 090 | |a QC176.8 |b E4Chi | ||
| 091 | |a Microfiche 582 | ||
| 100 | 1 | 0 | |a Chia, Kee-khai. |
| 245 | 1 | 0 | |a Energy band structure calculations / |c Chia Kee-khai. |
| 260 | |c 1972. | ||
| 300 | |a 146 leaves : |b illus. ; |c 31 cm. | ||
| 500 | |a Mimeographed. | ||
| 500 | |a Microfiche (negative). Kuala Lumpur : University of Malaya Library, 1973. 3 fiche. 11 x 15 cm. | ||
| 502 | |a Dissertation (M.Sc.) -- Univerity of Singapore, 1972. | ||
| 504 | |a Bibliography: p. 145-146. | ||
| 650 | 0 | |a Energy-band theory of solids. | |
| 948 | |a 10/02/1992 |b 10/09/2002 | ||
| 596 | |a 1 | ||
| 999 | |a QC176.8 E4CHI |w LC |c 1 |i A003140158 |l STACKS |m P01UTAMA |r Y |s Y |t TESIS |u 11/3/1992 | ||
